000 00793pam a2200241 a 4500
008
020 _a0132027895 (pbk.)
049 _aMAIN
090 0 _aHF5657.4
_bCOO
100 1 _aCooper, Robin.
245 1 4 _aThe design of cost management systems :
_btext, cases, and readings /
_cRobin Cooper [and] Robert S. Kaplan.
260 _aEnglewood Cliffs, NJ :
_bPrentice Hall,
_cc1991.
300 _axii, 580 p. :
_bill. ;
_c26 cm.
504 _aIncludes bibliographical references.
650 0 _aManagerial accounting.
650 0 _aManagement accounting
_aUse of
_aComputers.
700 1 _aKaplan, Robert S.
907 _a.b10293991
_b20-12-11
_c30-03-11
003
005 20230123125213.0
040 _cNUST
942 _cBOOKS
_kHF5657.4
_mCOO
999 _c137490
_d137490